000 00967nam a2200205Ia 4500
001 11539
003 GE_BSU
008 181216s||||||||xx |||||||||||||| ||und||
040 _cGE_BSU
080 _a015(479.22)+016:002
245 _aქართული წიგნი.
245 _bბიბლიოგრაფია.ტ.2. 1921–1945 ნაკვ.II.
245 _cწიგნი შედგენილია პალატის მუსაკების:პლ.ხუნდაძის;თ.ნაკაშიძის და ვ.ჯოჯუას ხელმძღვანელობით და მონაწილეობით; რედ: ვ.გოგოლაძე; მხატვ:ლ.გრიგოლია.
260 _aთბილისი.
260 _bტექნიკა და შრომა.
260 _c1951.
300 _a1389გვ;30სმ.
653 _aქართული წიგნი.
942 _cBK
999 _c44734
_d44734